000 00870nam a22002537a 4500
001 BR9703585
003 BR-BrBNA
005 20230928095658.0
007 ta
008 230509b bl.||||| |||| 00| 0 por d
040 _aBR-BrBNA
_bpor
_cBiblioteca Nacional de Agricultura
041 _a(Por)
072 _aC10; L70
090 _ C10 BR9703585
110 1 _aConselho Federal de Medicina Veterinaria, Brasilia, DF (Brasil)
_92635
111 1 _a5. Seminario Nacional do Ensino da Medicina Veterinaria - Dr. Benedito Fortes de Arruda
_cCanelas, RS (Brazil)
_d22-25 May 1996
245 1 _aAnais do 5. Seminario Nacional do Ensino da Medicina Veterinaria - Dr. Benedito Fortes de Arruda
260 3 _aBrasilia, DF (Brasil):
_c1996.
300 _a227 p.
650 _aVeterinaria
650 _aEnsino Agricola
909 _a202309
_bLucia
_c55
_dLucia Elande
942 _cBK
999 _c58035
_d58035